Religion in Costa Rica - Statistics

General Stats
  • This quiz has been taken 46 times
  • The average score is 3 of 4
Answer Stats
Percentage Religion % Correct
57% Catholic
100%
25% Protestant
85%
3% Other
77%
15% None
64%
No matching quizzes found
Score Distribution
Percent of People with Each Score
Percentile by Number Answered
Your Score History
You have not taken this quiz